Tribhuvan University Central Library

A handbook of B.E. practical chemistry (Record no. 91263)

MARC details
000 -LEADER
fixed length control field 00416nam a22001577a 4500
008 - FIXED-LENGTH DATA ELEMENTS--GENERAL INFORMATION
fixed length control field 200126b xxu||||| |||| 00| 0 eng d
020 ## - INTERNATIONAL STANDARD BOOK NUMBER
International Standard Book Number 999467692x
082 ## - DEWEY DECIMAL CLASSIFICATION NUMBER
Classification number 540/Ad42h
100 ## - MAIN ENTRY--PERSONAL NAME
Personal name Adhikari, Hari Sharan
245 ## - TITLE STATEMENT
Title A handbook of B.E. practical chemistry
260 ## - PUBLICATION, DISTRIBUTION, ETC.
Place of publication, distribution, etc. Kathmandu:
Name of publisher, distributor, etc. Ozone Books,
Date of publication, distribution, etc. n. d.
300 ## - PHYSICAL DESCRIPTION
Extent 96p.;illus.
650 ## - SUBJECT ADDED ENTRY--TOPICAL TERM
Topical term or geographic name entry element Chemistry
650 ## - SUBJECT ADDED ENTRY--TOPICAL TERM
Topical term or geographic name entry element Chemical reaction
942 ## - ADDED ENTRY ELEMENTS (KOHA)
Source of classification or shelving scheme Dewey Decimal Classification
Koha item type ISBN
Holdings
Withdrawn status Lost status Source of classification or shelving scheme Damaged status Not for loan Home library Current library Date acquired Total Checkouts Full call number Barcode Date last seen Price effective from Koha item type
    Dewey Decimal Classification     Tribhuvan University Central Library Tribhuvan University Central Library 01/26/2020   540/Ad42h IS5098 01/26/2020 01/26/2020 ISBN